00597nam a22001937a 4500003000500000005001700005008004100022020002900063040001900092041001200111082001400123100002800137245005200165260003200217300004300249490003300292500005800325700002000383322820251015124925.0251015b sa ||||| |||| 00| 0 eng d a9781868405565qpaperback amplc3228erda aEnglish 0aEJF BARN a Barnhart, Normeauthor aMy first guide to magic tricksc Barnhart, Norm aOxford: bRaintree,c 2018. a24 pagesbcolour illustrations c20 cm a My first guidesv1 volume:  a Originally published: 2017. Book band level, brown. a Charney, Steve